| 000 | 00778 a2200217 4500 | ||
|---|---|---|---|
| 001 | 33566 | ||
| 005 | 20260407155627.0 | ||
| 008 | 260407a2014 arg spa d | ||
| 003 | AR-UNSa-BCEJYS | ||
| 040 |
_aAR-UNSa-BCEJYS _bspa _cAR-UNSa-BCEJYS |
||
| 080 |
_a(038.2)=111 _xDiccionario bilingüe español-inglés, inglés-español |
||
| 245 | 1 | 0 |
_aDiccionario Oxford Pocket para estudiantes argentinos de inglés _pespañol-inglés/inglés-español |
| 020 | _a978-0-19-424118-2 | ||
| 250 | _a2a. ed. | ||
| 264 | 1 |
_aNew York : _bOxford University Press _c2014 |
|
| 300 |
_a791 p. _c18 cm. |
||
| 041 | _aspa | ||
| 942 | _cBK | ||
| 590 | _aniveau_biblio:m niveau_hierar:0 | ||
| 856 | 4 | 1 |
_uhttps://biblioeco.unsa.edu.ar/pmb/images/libros/dic_oxford.jpg _yImagen de portada _qimage/jpeg |
| 999 |
_c2366 _d2366 |
||